| 000 | 00546nam a22001815i 4500 | ||
|---|---|---|---|
| 001 | 53208 | ||
| 003 | ES-MaACL | ||
| 005 | 20230906162726.0 | ||
| 007 | t| | ||
| 008 | 950915s1863 fr ||||1| fre d | ||
| 040 |
_aCAM _bspa _cCAM |
||
| 100 | 1 |
_aDu Mesnil-Marigny, Jules. _945713 |
|
| 245 | 1 | 0 |
_aCatéchisme de l'économie politique basée sur des principes rationnels / _cpar Du Mesnil-Marigny. |
| 250 | _a2e éd. | ||
| 260 |
_aParis : _bCournol, _c1863 ( _fJouaust et fils) |
||
| 300 |
_a[4], 355 p. ; _c18 cm. |
||
| 852 |
_aES-MaACL _jD-2039 |
||
| 999 |
_c53208 _d53208 |
||